01001cam a22001818i 4500020001800000082002100018245011900039260004300158300001800201504005100219520032300270650004500593650003500638650005200673650003400725700002900759700003100788 a978110841950504a305.420961bWOM-00aWomen and social change in North Africa :bwhat counts as revolutionary? /cedited by Doris Gray, Nadia Sonneveld. aNew York:bCambridge University,c2018 axviii, 397p.; aIncludes bibliographical references and index. a"This volume was first conceived at a workshop entitled "Gender, Law and Social Change in North Africa," jointly organized by the Hillary Clinton Center for Women's Empowerment (HCC) at Al Akhawayn University in Ifrane (AUI), Morocco, and the Middle East Center at the University of Oxford, UK, in the spring of 2015." 0aWomenzAfrica, NorthxSocial conditions. 0aWomen's rightszAfrica, North. 0aWomenxLegal status, laws, etc.zAfrica, North. 0aSocial changezAfrica, North.1 aGray, Doris H.,eeditor.1 aSonneveld, Nadia,eeditor.